[Event "Puspokladany Arnoth Memorial-A 16th"]
[Site "Puspokladany"]
[Date "2023.07.27"]
[Round "3"]
[White "Adam, Zoltan"]
[Black "Major, Robert"]
[Result "1-0"]
[WhiteElo "1756"]
[BlackElo "1822"]
[PlyCount "77"]
[EventDate "2023.07.26"]
[EventType "swiss"]
[EventRounds "9"]
[EventCountry "HUN"]
[SourceTitle "EXT 2025"]
[Source "ChessBase"]
[SourceDate "2024.10.14"]
[SourceVersion "1"]
[SourceVersionDate "2024.10.14"]
[SourceQuality "1"]

1. d4 d5 2. Bf4 Bf5 3. e3 Nf6 4. Nd2 e6 5. Ngf3 h6 6. c3 Bd6 7. Bxd6 Qxd6 8. Ne5 0-0 9. f4 Nbd7 10. g4 Bh7 11. h4 Ne4 12. g5 Bf5 13. gxh6 g6 14. Nxe4 Bxe4 15. Rg1 Nxe5 16. dxe5 Qe7 17. Qg4 Kh7 18. Qg5 f6 19. exf6 Qxf6 20. 0-0-0 c5 21. Bd3 Bxd3 22. Rxd3 c4 23. Rd2 Rf7 24. Rh2 b5 25. h5 Rg8 26. hxg6+ Rxg6 27. Qxg6+ Qxg6 28. Rxg6 Kxg6 29. Kd2 Rh7 30. e4 a5 31. Ke3 b4 32. exd5 exd5 33. Kd4 bxc3 34. bxc3 Kf5 35. Rh4 Ke6 36. Rh5 a4 37. Re5+ Kf6 38. Rxd5 Ke6 39. Rh5 1-0

[Event "HUN-chT2 Szechenyi 2223"]
[Site "Hungary"]
[Date "2023.03.26"]
[Round "8.8"]
[White "Foki, Robert"]
[Black "Major, Robert"]
[Result "0-1"]
[WhiteElo "1655"]
[BlackElo "1796"]
[PlyCount "68"]
[EventDate "2022.11.20"]
[EventType "team-tourn"]
[EventRounds "9"]
[EventCountry "HUN"]
[SourceTitle "EXT 2025"]
[Source "ChessBase"]
[SourceDate "2024.10.14"]
[SourceVersion "1"]
[SourceVersionDate "2024.10.14"]
[SourceQuality "1"]
[WhiteTeam "Arboretum Hereny KSE"]
[BlackTeam "Ezust Huszar"]
[WhiteTeamCountry "HUN"]
[BlackTeamCountry "HUN"]

1. f4 Nf6 2. Nf3 d5 3. e3 Bg4 4. Be2 Nbd7 5. 0-0 Bxf3 6. Bxf3 e5 7. fxe5 Nxe5 8. b3 Bd6 9. Nc3 c6 10. Ne2 Nfg4 11. Ng3 Qh4 12. h3 Nxe3 13. dxe3 Qxg3 14. Bxd5 cxd5 15. Qxd5 0-0 16. Qxb7 Rac8 17. Qe4 f5 18. Qd5+ Kh8 19. c4 Rc5 20. Qd2 Ng4 21. Rf4 Qh2+ 22. Kf1 Qh1+ 23. Ke2 Bxf4 24. hxg4 Qxg2+ 25. Kd1 Qxg4+ 26. Kc2 Be5 27. Ba3 Rxc4+ 28. bxc4 Qxc4+ 29. Kd1 Qf1+ 30. Kc2 Rc8+ 31. Bc5 Rxc5+ 32. Kb3 Qc4+ 33. Ka3 Rd5 34. Rc1 Bd6+ 0-1

[Event "HUN-chT2 Szechenyi 2223"]
[Site "Hungary"]
[Date "2023.03.11"]
[Round "7.9"]
[White "Gyorfi, Norbert"]
[Black "Major, Robert"]
[Result "0-1"]
[WhiteElo "1671"]
[BlackElo "1796"]
[PlyCount "90"]
[EventDate "2022.11.20"]
[EventType "team-tourn"]
[EventRounds "9"]
[EventCountry "HUN"]
[SourceTitle "EXT 2025"]
[Source "ChessBase"]
[SourceDate "2024.10.14"]
[SourceVersion "1"]
[SourceVersionDate "2024.10.14"]
[SourceQuality "1"]
[WhiteTeam "Spartacus Sportkor"]
[BlackTeam "Ezust Huszar"]
[WhiteTeamCountry "HUN"]
[BlackTeamCountry "HUN"]

1. d4 Nf6 2. Bg5 g6 3. Bxf6 exf6 4. e4 Bg7 5. c3 0-0 6. Bd3 Nc6 7. Nf3 d5 8. 0-0 dxe4 9. Bxe4 Ne7 10. Nbd2 f5 11. Bc2 b6 12. Re1 c5 13. dxc5 bxc5 14. Bb3 Qc7 15. Qe2 Nc6 16. Ng5 Ne5 17. f4 h6 18. fxe5 hxg5 19. e6 Bxe6 20. Bxe6 fxe6 21. Qxe6+ Kh7 22. Qe7 Qf4 23. Nf3 Kh6 24. Qxc5 Rfe8 25. Rad1 g4 26. Nd4 Bf8 27. Qc6 Rec8 28. Qf6 Qg5 29. Qf7 Bc5 30. Kh1 Rf8 31. Qd5 Bxd4 32. Qxd4 Rfd8 33. Qf2 Rxd1 34. Rxd1 Rb8 35. Qd2 f4 36. b3 Rf8 37. Qd4 Qa5 38. Qd2 Rf5 39. Rf1 Qe5 40. Re1 Qb5 41. c4 Qc6 42. Qd8 f3 43. Qh4+ Rh5 44. Qxg4 Qc7 45. g3 f2 0-1

[Event "HUN-chT2 Szechenyi 2223"]
[Site "Hungary"]
[Date "2023.02.19"]
[Round "6.6"]
[White "Horvath, Reka"]
[Black "Major, Robert"]
[Result "1-0"]
[WhiteElo "2043"]
[BlackElo "1795"]
[PlyCount "53"]
[EventDate "2022.11.20"]
[EventType "team-tourn"]
[EventRounds "9"]
[EventCountry "HUN"]
[SourceTitle "EXT 2025"]
[Source "ChessBase"]
[SourceDate "2024.10.14"]
[SourceVersion "1"]
[SourceVersionDate "2024.10.14"]
[SourceQuality "1"]
[WhiteTeam "Haladas III"]
[BlackTeam "Ezust Huszar"]
[WhiteTeamCountry "HUN"]
[BlackTeamCountry "HUN"]

1. Nf3 Nf6 2. g3 g6 3. Bg2 Bg7 4. 0-0 0-0 5. d4 d5 6. c4 c6 7. Nc3 Ne4 8. Ng5 Nxg5 9. Bxg5 dxc4 10. d5 cxd5 11. Nxd5 Nc6 12. Qa4 Be6 13. Rad1 Bxd5 14. Rxd5 Qc7 15. Rfd1 Rfd8 16. Qxc4 Bxb2 17. Bh3 Rxd5 18. Rxd5 Rd8 19. Bf4 e5 20. Bh6 Rxd5 21. Qxd5 Qd8 22. Bd7 Nb8 23. Qxb7 Bd4 24. Bc8 Qd6 25. Qb5 Qd8 26. Qxb8 Bb6 27. Qa8 1-0

[Event "Balatonalmadi Pannonia Cup 23th"]
[Site "Balatonalmadi"]
[Date "2018.07.18"]
[Round "1"]
[White "Major, Robert"]
[Black "Csati, Oliver"]
[Result "0-1"]
[WhiteElo "1808"]
[BlackElo "2188"]
[PlyCount "104"]
[EventDate "2018.07.18"]
[EventType "swiss"]
[EventRounds "7"]
[EventCountry "HUN"]
[SourceTitle "EXT 2025"]
[Source "ChessBase"]
[SourceDate "2024.10.14"]
[SourceVersion "1"]
[SourceVersionDate "2024.10.14"]
[SourceQuality "1"]

1. Nf3 f5 2. b3 Nf6 3. Bb2 e6 4. e3 Be7 5. d4 0-0 6. Bd3 b6 7. 0-0 Bb7 8. Nbd2 Qe8 9. c4 Qg6 10. Qc2 Bb4 11. Bc3 Bxc3 12. Qxc3 d6 13. c5 bxc5 14. dxc5 Nc6 15. cxd6 cxd6 16. Rac1 Ne5 17. Be2 Ne4 18. Nxe5 Nxc3 19. Nxg6 Nxe2+ 20. Kh1 hxg6 21. Rc7 Ba6 22. Re1 Rfc8 23. Rd7 Nc3 24. Rxd6 Rd8 25. Rxa6 Rxd2 26. h3 Kf7 27. a3 Rxf2 28. Rc1 Nd5 29. b4 Re2 30. b5 Rxe3 31. a4 Kf6 32. a5 Rb3 33. b6 Nxb6 34. axb6 Rxb6 35. Ra5 a6 36. Rca1 e5 37. Kg1 e4 38. Kf2 Rc8 39. Rxa6 Rcc6 40. R6a2 Rb3 41. Ra6 Rbc3 42. R1a2 g5 43. g3 f4 44. gxf4 gxf4 45. R2a4 Rc2+ 46. Kf1 Rxa6 47. Rxa6+ Ke5 48. Ra5+ Kd4 49. h4 Rc3 50. h5 Ke3 51. Ra1 Kf3 52. Ke1 Rc5 0-1